Manual de usuario de la Sala de Edición 4.0 (Registro nro. 6441)
[ vista simple ]
| 000 -CABECERA | |
|---|---|
| Campo de control | 00917nam a2200217 a 4500 |
| 005 - FECHA Y HORA DE LA ULTIMA TRANSACCION | |
| Campo de control | 20150105085153.0 |
| 008 - ELEMENTOS DE LONGITUD FIJA—INFORMACION GENERAL | |
| Campo de control | 140129b ck ||||| |||| 00| 0 spa d |
| 040 ## - FUENTE DE CATALOGACIÓN | |
| Agencia transcriptora | CO-BoIH |
| 041 ## - IDIOMA | |
| Código de idioma para texto/pista de sonido o título separado | Español |
| 044 ## - PAÍS DE PUBLICACIÓN | |
| País de publicación | Colombia |
| 090 ## - CLASIFICACIÓN LOCAL | |
| Colección | IAVH |
| Consecutivo | 01056 |
| 110 ## - ASIENTO PRINCIPAL--NOMBRE CORPORATIVO | |
| Unidad subordinad | Icono Multimedia |
| 245 ## - MENCION DE TITULO | |
| Título | Manual de usuario de la Sala de Edición 4.0 |
| 260 ## - PUBLICACION, DISTRIBUCION, ETC. (PIE DE IMPRENTA) | |
| Lugar de publicación, distribución, etc. | Bogotá |
| Nombre del editor, distribuidor, etc. | Icono Multimedia |
| Fecha de publicación, distribución, etc. | 200? |
| 300 ## - DESCRIPCION FISICA | |
| Extensión | 83 p. |
| 520 ## - NOTA DE RESUMEN, ETC. | |
| Nota de resumen | El manual constituye una amplia guía para manejar los contenidos del website de manera rápida, segura y confiable. Parte de generalidades de conceptos que un usuario común debe entender para poder manejar adecuadamente la herramienta, hasta llegar hasta aspectos más complejos para personas con conocimientos avanzados y así aprovechar al máximo los beneficios de Sala de Edición 4.0 |
| 650 ## - ASIENTO SECUNDARIO DE MATERIA - TERMINO TEMATICO | |
| Término temático o nombre geográfico como elemento de entrada | Manual |
| 650 ## - ASIENTO SECUNDARIO DE MATERIA - TERMINO TEMATICO | |
| Término temático o nombre geográfico como elemento de entrada | Website |
| 942 ## - ELEMENTOS ADICIONALES (KOHA) | |
| Tipo de ítem | Informe Técnico |
| Sistema de clasificación | Local |
| 945 ## - PROCESAMIENTO LOCAL | |
| AAAA-MM-DD - Fecha de ingreso o modificacion | 2008-07-25 |
| Withdrawn status | Lost status | Sistema de Clasificación | Damaged status | No para préstamo | Colección | Inventariado | Ubicación Permanente | Ubicación actual | Fecha de adquisición | Total Checkouts | Número topográfico | Inventario / Código de Barras | Date last seen | Ejemplar | Price effective from | Forma de adquisición | Tipo de material |
|---|---|---|---|---|---|---|---|---|---|---|---|---|---|---|---|---|---|
| Local | Humboldt | Inventariado 2017 | Bogotá | Bogotá | 11/12/2013 | IAVH-01056 | 026242 | 09/08/2024 | Ej. 2 | 11/12/2013 | Informe Técnico |